Foreigner Greatest Hits Tracks - Statistics

General Stats
  • This quiz has been taken 43 times
  • The average score is 8 of 20
Answer Stats
Hint Answer % Correct
12 Juke Box Hero
82%
3 Cold as Ice
79%
15 I Want to Know What Love Is
76%
13 Urgent
70%
7 Hot Blooded
67%
1 Feels Like the First Time
61%
9 Dirty White Boy
52%
5 Double Vision
48%
10 Head Games
45%
14 Waiting for a Girl Like You
42%
17 That was Yesterday
39%
19 Say You Will
30%
2 Long, Long Way From Home
27%
6 Blue Morning, Blue Day
24%
4 HeadKnocker
15%
18 I Don't Want to Live Without You
12%
11 Rev on the Red Line
9%
20 Just Between You and Me
3%
16 Reaction to Action
3%
8 I Have Waited so Long
0%
No matching quizzes found
Score Distribution
Percent of People with Each Score
Percentile by Number Answered
Your Score History
You have not taken this quiz